Milan Staněk : obrazy a kresby 1959-1979 : Galerie Vincence Kramáře, Praha, říjen - listopad 1979

Hlavní autor: Staněk, Milan, 1931-2015
Korporativní autor: Galerie Vincence Kramáře (Praha, Česko)
Jazyk: Čeština
Vydáno: Praha : SČVU, 1979
Témata:
Fyzický popis: 11 nečíslovaných stran : ilustrace ; 21 cm
Knihy
Uloženo v:
LEADER 01782nam a2200481 i 4500
001 001931725
003 CZ BrMZK
005 20250910063211.0
007 ta
008 250408s1979 xr a e c 000 0dcze
020 |q (Brožováno) 
040 |a OPE301  |b cze  |d BOA001  |e rda 
043 |a e-xr--- 
045 |a x-x- 
072 7 |a 75  |x Malířství  |2 Konspekt  |9 21 
080 |a 75(437.3)  |2 MRF 
080 |a 75.036/.038  |2 MRF 
080 |a (437.3)  |2 MRF 
080 |a (083.824)  |2 MRF 
100 1 |a Staněk, Milan,  |d 1931-2015  |7 ola200203748  |4 art 
245 1 0 |a Milan Staněk :  |b obrazy a kresby 1959-1979 : Galerie Vincence Kramáře, Praha, říjen - listopad 1979 
246 3 0 |a Obrazy a kresby 1959-1979 
264 1 |a Praha :  |b SČVU,  |c 1979 
300 |a 11 nečíslovaných stran :  |b ilustrace ;  |c 21 cm 
336 |a text  |b txt  |2 rdacontent 
336 |a statický obraz  |b sti  |2 rdacontent 
337 |a bez média  |b n  |2 rdamedia 
338 |a svazek  |b nc  |2 rdacarrier 
500 |a Vydáno ke stejnojmenné výstavě 
500 |a Životopisná data, přehled výstav a zastoupení ve sbírkách 
600 1 7 |a Staněk, Milan,  |d 1931-2015  |7 ola200203748 
648 7 |a 20. století  |7 ch460558  |2 czenas 
650 0 7 |a české malířství  |7 ph116864  |y 20. století  |2 czenas 
650 0 7 |a moderní malířství  |7 ph122940  |z Česko  |2 czenas 
650 0 9 |a Czech painting  |y 20th century  |2 eczenas 
650 0 9 |a modern painting  |z Czechia  |2 eczenas 
655 7 |a katalogy výstav  |7 fd132536  |2 czenas 
655 9 |a exhibition catalogs  |2 eczenas 
710 2 |a Galerie Vincence Kramáře (Praha, Česko)  |7 ko2002149031  |4 orm 
910 |a BOA001  |b 2-1549.265 
990 |a BK 
991 |b 202509 
996 6 |b 2611011468  |c 2-1549.265  |l MZK  |r Sklad / do 1 hodiny  |n 0  |p dar  |w 002016887  |u 000010  |a 1  |e BOA001  |j MZK50  |s P